| 000 -CABECERA |
| Longitud fija campo de control |
01519nam a22003854i 4500 |
| 001 - NÚMERO DE CONTROL |
| Número de control |
.b74840332 |
| 003 - IDENTIFICADOR DEL NÚMERO DE CONTROL |
| Identificador del número de control |
OSt |
| 005 - FECHA Y HORA DE LA ÚLTIMA TRANSACCIÓN |
| Fecha y hora de la última transacción |
20210408121538.0 |
| 008 - CÓDIGOS DE INFORMACIÓN DE LONGITUD FIJA |
| Códigos de información de longitud fija |
210120e202012 spcc|||| |||||0|1 0dcat|c |
| 017 ## - NÚMERO DE COPYRIGHT O DE DEPÓSITO LEGAL |
| Número de copyright o de depósito legal |
DL L 772-2020 |
| Agencia que asigna el número |
Biblioteca de Catalunya |
| 020 ## - NÚMERO INTERNACIONAL NORMALIZADO PARA LIBROS |
| Número Internacional Normalizado para Libros (ISBN) |
9788413032290 |
| 040 ## - FUENTE DE LA CATALOGACIÓN |
| Centro catalogador de origen |
ES-BaICD |
| Lengua de catalogación |
cat |
| Normas de descripción |
rda |
| Centro transcriptor |
ES-BaICD |
| 043 ## - CÓDIGO DE ÁREA GEOGRÁFICA |
| Código de área geográfica |
e-sp--- |
| Código local GAC |
e-spc-- |
| Fuente del código local |
catmarc |
| 100 1# - PUNTO DE ACCESO PRINCIPAL-NOMBRE DE PERSONA |
| Nombre de persona |
Altés, Elvira, |
| Término indicativo de función |
autor |
| 245 10 - MENCIÓN DE TÍTULO |
| Título |
Dones a les ones : |
| Resto del título |
la història de la ràdio a Catalunya en la veu de les dones : reportatge històric/ |
| Mención de responsabilidad, etc. |
Elvira Altés |
| 250 ## - MENCIÓN DE EDICIÓN |
| Mención de edición |
Primera edició |
| 264 #1 - PRODUCCIÓN, PUBLICACIÓN , DISTRIBUCIÓN, FABRICACIÓN Y COPYRIGHT |
| Lugar de producción, publicación, distribución, fabricación |
Lleida : |
| Nombre del productor, editor, distribuidor, fabricante |
Pagès editors, |
| Fecha de de producción, publicación, distribución, fabricación o copyright |
desembre de 2020 |
| 300 ## - DESCRIPCIÓN FÍSICA |
| Extensión |
407 pàgines : |
| Otras características físicas |
fotografies en blanc i negre ; |
| Dimensiones |
24 cm |
| 336 ## - TIPO DE CONTENIDO |
| Término de tipo de contenido |
text |
| Código de tipo de contenido |
txt |
| Fuente |
rdacontent |
| 336 ## - TIPO DE CONTENIDO |
| Término de tipo de contenido |
imatge fixa |
| Código de tipo de contenido |
sti |
| Fuente |
rdacontent |
| 337 ## - TIPO DE MEDIO |
| Nombre del tipo de medio |
sense mediació |
| Código del tipo de medio |
n |
| Fuente |
rdamedia |
| 338 ## - TIPO DE SOPORTE |
| Nombre del tipo de soporte |
volum |
| Código del tipo de soporte |
nc |
| Fuente |
rdacarrier |
| 500 ## - NOTA GENERAL |
| Nota general |
Índex onomàstic: pàgines 401-407 |
| 504 ## - NOTA DE BIBLIOGRAFÍA, ETC |
| Nota de bibliografía, etc. |
Bibliografia: pàgines 391-399 |
| 505 8# - NOTA DE CONTENIDO CON FORMATO |
| Nota de contenido con formato |
Al verso de la portada: Amb la col·laboració de: Institut Català de les Dones |
| 650 #7 - PUNTO DE ACCESO ADICIONAL DE MATERIA - TÉRMINO DE MATERIA |
| Término de materia o nombre geográfico como elemento inicial |
Locutores de ràdio |
| Subdivisión geográfica |
Catalunya |
| Subdivisión de materia general |
Història |
| Subdivisión cronológica |
S. XX |
| Fuente del encabezamiento o término |
lemac |
| 650 #7 - PUNTO DE ACCESO ADICIONAL DE MATERIA - TÉRMINO DE MATERIA |
| Término de materia o nombre geográfico como elemento inicial |
Mitjans de comunicació de massa i dones |
| Subdivisión geográfica |
Catalunya |
| Subdivisión de materia general |
Història |
| Subdivisión cronológica |
S. XX |
| Fuente del encabezamiento o término |
lemac |
| 650 #7 - PUNTO DE ACCESO ADICIONAL DE MATERIA - TÉRMINO DE MATERIA |
| Término de materia o nombre geográfico como elemento inicial |
Radiodifusió |
| Subdivisión de materia general |
Història |
| -- |
Diferències entre sexes |
| Fuente del encabezamiento o término |
lemac |
| 653 ## - TÉRMINO DE INDIZACIÓN - NO CONTROLADO |
| Término no controlado |
Història contemporània |
| 653 ## - TÉRMINO DE INDIZACIÓN - NO CONTROLADO |
| Término no controlado |
Participació laboral |
| 653 ## - TÉRMINO DE INDIZACIÓN - NO CONTROLADO |
| Término no controlado |
Biografies |
| 907 ## - ELEMENTO G DATOS LOCALES, GDL (RLIN) |
| a |
.b74840332 |
| b |
01-04-21 |
| c |
20-01-21 |
| d |
20-01-21 |
| e |
m |
| f |
a |
| g |
- |
| h |
cat |
| i |
spc |
| j |
0 |
| k |
0 |
| 940 ## - |
| T&íacute;tulo uniforme |
<a href="ICD">ICD</a> |
| 942 ## - ENTRADA DE ELEMENTOS AGREGADOS (KOHA) |
| Fuente de clasificaión o esquema |
|
| Koha [por defecto] tipo de item |
Monografies |